| 000 | 00944nam a2200289 i 4500 | ||
|---|---|---|---|
| 003 | EG-GICUC | ||
| 005 | 20260121101234.0 | ||
| 008 | 251117s1948 fr db||fr||| 0000 0 fre d | ||
| 040 |
_aEG-GiCUC _bfre _cEG-GiCUC _dEG-GiCUC _eRda |
||
| 041 | 0 | _afre | |
| 082 | 0 | 4 |
_221 _a330.040 _bBE . E |
| 092 | 0 | 4 | _221 |
| 099 | _aLaw1 13 330.040 BE . E 1948 | ||
| 100 | 1 |
_aBettelheim, Charles _eAuteur |
|
| 245 | 1 | 0 |
_aEsquisse D'un Tableau Économique De L'europe / _cCharles Bettelheim. |
| 264 | 1 |
_aParis : _bDOMAT, _c1948. |
|
| 300 |
_a356 page : _btableaux, graphiques, cartes ; _c 16 cm. |
||
| 336 |
_2rda contenu _a texte |
||
| 337 |
_2rda medias _aOrdinateur |
||
| 338 |
_2 transporteur rda _a Ressource en ligne |
||
| 546 | _aTexte en français | ||
| 650 | 1 | 4 |
_aFinances publiques et législation fiscale _2qrmak |
| 651 | 1 | _2qrmak | |
| 856 | 4 | 0 | _uhttps://fll.law.cu.edu.eg/fulltext/bks/B13-07653.pdf |
| 905 | _a70 | ||
| 942 |
_2ddc _cBK _e21 _n0 |
||
| 999 |
_c43919 _d43919 |
||